000 01050nam a2200205Ia 4500
003 Ost
005 20260507075508.0
008 260507s9999||||xx |||||||||||||| ||und||
040 _cfsecg
041 _aara
082 _a350
100 _aالظاهر، نعيم إبراهيم
_eمؤلف
245 0 _aالإدارة الإستراتيجية :
_bالمفهوم-الأهمية-التحديات /
_c نعيم إبراهيم الظاهر
260 _aعمان:
_bعالم الكتب الحديث,
_c2009
300 _a328 صفحة؛
_bإيضاحات ؛
_c25 سم
504 _aببليوغرافيا:ص ص.317-328
520 _aمفاهيم ومداخل الإستراتيجية والإدارة الإستراتيجية،مرحلة تحليل البيئة،التوجه الإستراتيجي،التنفيذ الإستراتيجي،عمليات التقويم والرقابة الإستراتيجية،البدائل الإستراتيجية،تحديات الإدارة في المستقبل
653 _aالإدارة
942 _cكتاب
999 _c44725
_d44725